| 000 -LEADER | |
|---|---|
| fixed length control field | 00423nam a22001697a 4500 |
| 005 - DATE AND TIME OF LATEST TRANSACTION | |
| control field | 20180703170439.0 |
| 008 - FIXED-LENGTH DATA ELEMENTS--GENERAL INFORMATION | |
| fixed length control field | 160623b xxu||||| |||| 00| 0 eng d |
| 020 ## - INTERNATIONAL STANDARD BOOK NUMBER | |
| ISBN | 81-259-1658-X |
| 041 ## - LANGUAGE CODE | |
| Language code of text/sound track or separate title | eng |
| 082 ## - DEWEY DECIMAL CLASSIFICATION NUMBER | |
| Item number | 9081 |
| Classification number | 658.15 |
| 100 ## - MAIN ENTRY--AUTHOR NAME | |
| Personal name | Pandey, I.M. |
| 245 ## - TITLE STATEMENT | |
| Title | Financial Management |
| 260 ## - PUBLICATION, DISTRIBUTION, ETC. (IMPRINT) | |
| Place of publication | New Delhi |
| Name of publisher | Vikas Publishing House (P) Ltd. |
| Year of publication | 2008 |
| 300 ## - PHYSICAL DESCRIPTION | |
| Number of Pages | 762 |
| 650 ## - SUBJECT ADDED ENTRY--TOPICAL TERM | |
| Topical Term | Management |
| 942 ## - ADDED ENTRY ELEMENTS (KOHA) | |
| Koha item type | Books |
| Lost status | Damaged status | Collection code | Home library | Current library | Shelving location | Date acquired | Source of acquisition | Cost, normal purchase price | Full call number | Accession Number | Koha item type |
|---|---|---|---|---|---|---|---|---|---|---|---|
| MANAGEMENT | JRU Library | JRU Library | SHELF-58 -K | 23/06/2016 | PURCHASE | 475.00 | 658.15 | 9081 | Books | ||
| MANAGEMENT | JRU Library | JRU Library | SHELF-58 -K | 23/06/2016 | PURCHASE | 475.00 | 658.15 | 9082 | Books | ||
| MANAGEMENT | JRU Library | JRU Library | SHELF-58 -K | 23/06/2016 | PURCHASE | 475.00 | 658.15 | 9083 | Books | ||
| MANAGEMENT | JRU Library | JRU Library | SHELF-58 -K | 23/06/2016 | PURCHASE | 475.00 | 658.15 | 9084 | Books | ||
| Reference | JRU Library | SHELF-28-G | 23/06/2016 | 475.00 | 658.15 | 9085 | Books | ||||
| MANAGEMENT | JRU Library | JRU Library | SHELF-58 -K | 23/06/2016 | PURCHASE | 475.00 | 658.15 | 9086 | Books |